000 00957nas a2200301 4500
001 BR2011004862
003 BR-BrBNA
005 20231205115107.0
007 ta
008 230509b bl.|||p| |||| 00| 00por d
040 _aBR-BrBNA
_bpor
_cBiblioteca Nacional de Agricultura
041 _a(Pt)
072 _aF30
100 1 _aZuin, G.C.
100 1 _aVidigal Filho, P.S.
100 1 _aKvitschal, M.V.
100 1 _aVidigal, M.C.G.
100 1 _aCoimbra, G.K.
245 1 _aDivergência genética entre acessos de mandioca-de-mesa coletados no município de Cianorte, região Noroeste do estado do Paraná
650 _aMANDIOCA
650 _aMANIHOT ESCULENTA
650 _aVARIAÇÃO GENÉTICA
650 _aGENÉTICA VEGETAL
650 _aPARANÁ
773 0 _tSemina. Ciências Agrárias (Brazil)
_xISSN 1676-546X
_g(Jan-Mar 2009), v. 30(1) p. 21-30
_wBR2011004862
909 _a202311
_bLúcia
_c55
_dLúcia Elande
942 _2AGRIS
_n0
_cANA
999 _c212041
_d212041